LEADER 01600nam a2200361 u 4500 001 000000005692 003 CaOOAMICUS 005 20150622144929.0 008 940926s1977 it u000 u ita u 035 $a10144793 040 $aPUL$bita 041 1 $aita$hger 100 1 $aBornkamm, Günther.$0(OLS)http://pul/name/5850 240 10$aJesus von Nazareth.$lItaliano.$0(OLS)http://pul/title/8348 245 10$aGesù di Nazareth :$bi risultati di quaranta anni di ricerche sul "Gesù della storia" /$cGünther Bornkamm ; [traduzione di Emmanuele Paschetto]. 250 $a2. ed. aggiornata ed ampliata. 260 $aTorino :$bClaudiana,$c1977. 300 $a252 p.$c22 cm 490 1 $aSola Scriptura ;$v3 500 $aComprende indici. 504 $a"Nota bibliografica": p. 235-238. 600 04$aIesus Christus$xVita.$0(OLS)http://pul/subject/707 700 1 $aPaschetto, Emmanuele.$0(OLS)http://pul/name/5851 830 0$aSola Scriptura ;$v3.$0(OLS)http://pul/title/8350 850 $aPUL 852 $aPUL$W1$xSL Religione 1$y3$m9 D 49$j7990$nBK-PRI$b $qStampati$B7990$CPULBib$Z2$F7990 $H $81 852 $aPUL$W1$xDP1 Fondo S. Lanza$y121$m3 B 92$j162943$qFondi$B166896$CPULBib$Z2$F166896 $HLAN1624 $82 941 1 $a8 941 1 $a1 961 $aINV: 44741 961 $aNota ms. di possesso: Sergio Lanza 996 $6245$aGesù di Nazareth :$bi risultati di quaranta anni di ricerche sul "Gesù della storia"$9(OLS)http://pul/title/8349 996 $6260$aTorino :$bClaudiana$9(OLS)http://pul/publisher/48072 LEADER 01617nam a2200325 u 4500 001 000000079765 003 CaOOAMICUS 005 20070226123556.0 008 040614s2003 gw u000 u ger u 020 $a3110176335 035 $a10998934 040 $aPUL$bita 100 1 $aAlbertz, Rainer.$0(OLS)http://pul/name/40055 245 10$aGeschichte und Theologie :$bStudien zur Exegese des Alten Testaments und zur Religionsgeschichte Israels /$cRainer Albertz ; unter Mitarbeit von Gabi Kern ; hrsg. von Ingo Kottsieper und Jakob Wöhrle. 260 $aBerlin-New york :$bDe Gruyter,$c2003. 300 $aVIII, 396 p. ;$c23 cm 490 1 $aBeihefte zur Zeitschrift für die alttestamentliche Wissenschaft ;$v326 500 $aContiene indici. 504 $aBibliografia in appendice. 630 04$aBiblia.$pV.T.$0(OLS)http://pul/subject/1661 700 1 $aWöhrle, Jakob.$0(OLS)http://pul/name/53141 700 1 $aKottsieper, Ingo.$0(OLS)http://pul/name/53140 700 1 $aKern, Gabi.$0(OLS)http://pul/name/53139 830 0$aBeihefte zur Zeitschrift für die alttestamentliche Wissenschaft ;$v326.$0(OLS)http://pul/title/1954 850 $aPUL 852 $aPUL$W1$xSL Religione 3$y85$m221. 6 ALBRA 1$j102002$nBK-PRI$qDDC 21$B102002$CPULBib$Z2$F102002 $H93975 $82 941 1 $a9 996 $6020$a3110176335$9(OLS)http://pul/number/105074 996 $6245$aGeschichte und Theologie :$bStudien zur Exegese des Alten Testaments und zur Religionsgeschichte Israels$9(OLS)http://pul/title/104477 996 $6260$aBerlin-New york :$bDe Gruyter$9(OLS)http://pul/publisher/75705